000 00299nam a22000977a 4500
008 221104b |||||||| |||| 00| 0 eng d
020 _a9781529342062
100 _aClarey Christopher
_97618
245 _aThe Master The Brilliant Career of Roger Federer
260 _aLondon
_bJohn Murray Publications
_c2021
999 _c12132
_d12132